Shapes of Countries With Same-Sex Marriage – Sudden Death - Statistics

General Stats
  • This quiz has been taken 1,087 times
  • The average score is 5 of 17
Answers on the Grid
Answers color-coded by a green-red scale on the quiz's grid according to % correct below.
 
Answer Stats
Answer % Correct
Australia
94%
United Kingdom
42%
Chile
39%
Spain
35%
Greece
34%
Portugal
28%
Switzerland
25%
Mexico
23%
Colombia
22%
Thailand
21%
Estonia
20%
South Africa
20%
Taiwan
17%
Cuba
14%
Luxembourg
12%
Ecuador
11%
Slovenia
9%
No matching quizzes found
Score Distribution
Percent of People with Each Score
Percentile by Number Answered
Your Score History
You have not taken this quiz